[Event "NOR-chT 0910"]
[Site "Norway"]
[Date "2010.04.10"]
[Round "8"]
[White "Byklum, Bjornar"]
[Black "Agdestein, Espen"]
[Result "1/2-1/2"]
[WhiteElo "2292"]
[BlackElo "2382"]
[PlyCount "67"]
[EventDate "2009.11.06"]
[EventType "team"]
[EventRounds "9"]
[EventCountry "NOR"]
[SourceTitle "EXT 2011"]
[Source "ChessBase"]
[SourceDate "2010.11.26"]
[SourceVersion "1"]
[SourceVersionDate "2010.11.26"]
[SourceQuality "1"]
[WhiteTeam "SOSS"]
[BlackTeam "Oslo Vest"]
[WhiteTeamCountry "NOR"]
[BlackTeamCountry "NOR"]

1. d4 d5 2. c4 e6 3. Nc3 Be7 4. Nf3 Nf6 5. Bf4 0-0 6. e3 c5 7. dxc5 Bxc5 8. cxd5 Nxd5 9. Nxd5 exd5 10. a3 Nc6 11. Bd3 Bb6 12. 0-0 Bg4 13. h3 Bh5 14. b4 Re8 15. b5 Na5 16. Rc1 Qe7 17. Qa4 Bxf3 18. gxf3 Rad8 19. Bg3 Rc8 20. Qg4 Rxc1 21. Rxc1 g6 22. Rc8 Rxc8 23. Qxc8+ Kg7 24. Qc3+ f6 25. e4 dxe4 26. fxe4 Qd8 27. e5 Bd4 28. exf6+ Bxf6 29. Qc2 Qe7 30. a4 b6 31. Be4 Be5 32. Kg2 Bxg3 33. fxg3 Nb3 34. Qc3+ 1/2-1/2

[Event "NOR-chT 0910"]
[Site "Norway"]
[Date "2010.04.09"]
[Round "7"]
[White "Urkedal, Frode Olav Olsen"]
[Black "Agdestein, Espen"]
[Result "1-0"]
[WhiteElo "2409"]
[BlackElo "2382"]
[PlyCount "73"]
[EventDate "2009.11.06"]
[EventType "team"]
[EventRounds "9"]
[EventCountry "NOR"]
[SourceTitle "EXT 2011"]
[Source "ChessBase"]
[SourceDate "2010.11.26"]
[SourceVersion "1"]
[SourceVersionDate "2010.11.26"]
[SourceQuality "1"]
[WhiteTeam "Oslo SK 1911"]
[BlackTeam "Oslo Vest"]
[WhiteTeamCountry "NOR"]
[BlackTeamCountry "NOR"]

1. d4 Nf6 2. c4 e6 3. Nf3 b6 4. g3 Bb7 5. Bg2 Bb4+ 6. Bd2 Be7 7. Nc3 0-0 8. 0-0 Na6 9. Qa4 Qc8 10. Rfd1 c5 11. d5 exd5 12. cxd5 Nxd5 13. Nxd5 Bxd5 14. Bc3 Be6 15. Ne5 d5 16. Nc6 Re8 17. Nxe7+ Rxe7 18. Bxd5 Bxd5 19. Rxd5 Nc7 20. Rd2 b5 21. Qh4 Rd7 22. Qg4 Ne6 23. Rxd7 Qxd7 24. Bxg7 f5 25. Qf3 Re8 26. Be5 Ng5 27. Qh5 Nf7 28. Bf4 Qd5 29. e3 Qe6 30. Rd1 Rc8 31. Qf3 c4 32. Qb7 a6 33. a3 c3 34. Rd7 cxb2 35. Qxc8+ Kg7 36. Qc3+ Kg6 37. Rd1 1-0

[Event "NOR-chT 0809"]
[Site "Norway"]
[Date "2008.11.07"]
[Round "3"]
[White "Agdestein, Espen"]
[Black "Hansen, Torbjorn Ringdal"]
[Result "1/2-1/2"]
[WhiteElo "2411"]
[BlackElo "2433"]
[PlyCount "50"]
[EventDate "2008.11.07"]
[EventType "tourn"]
[EventRounds "11"]
[EventCountry "NOR"]
[SourceTitle "EXT 2010"]
[Source "ChessBase"]
[SourceDate "2010.11.25"]
[SourceVersion "1"]
[SourceVersionDate "2010.11.25"]
[SourceQuality "1"]

1. Nf3 Nf6 2. c4 g6 3. Nc3 Bg7 4. e4 d6 5. d4 0-0 6. Be2 e5 7. 0-0 Nc6 8. d5 Ne7 9. Kh1 Ne8 10. a4 f5 11. Ne1 Nf6 12. exf5 gxf5 13. f4 Ng6 14. Nd3 Ne4 15. Ra3 Qh4 16. Nxe4 fxe4 17. g3 Qe7 18. Ne1 Bd7 19. Ng2 Rae8 20. Bg4 exf4 21. Nxf4 Nxf4 22. gxf4 Kh8 23. Rg3 Bxg4 24. Qxg4 Bd4 25. Be3 Bxe3 1/2-1/2

[Event "NOR-chT Ishav 0708"]
[Site "Oslo"]
[Date "2007.11.11"]
[Round "3"]
[White "Gullaksen, Eirik Tvedt"]
[Black "Agdestein, Espen"]
[Result "0-1"]
[WhiteElo "2378"]
[BlackElo "2420"]
[PlyCount "104"]
[EventDate "2007.11.09"]
[EventType "team-swiss"]
[EventRounds "9"]
[EventCountry "NOR"]
[SourceTitle "EXT 2010"]
[Source "ChessBase"]
[SourceDate "2010.11.25"]
[SourceVersion "1"]
[SourceVersionDate "2010.11.25"]
[SourceQuality "1"]

1. e4 c5 2. Nf3 d6 3. d4 cxd4 4. Nxd4 Nf6 5. Nc3 Nc6 6. Bc4 e6 7. Be3 a6 8. f4 d5 9. exd5 exd5 10. Be2 Bb4 11. 0-0 0-0 12. Kh1 Re8 13. Nxc6 bxc6 14. Bd4 Bf5 15. Bf3 Bd6 16. Qd2 Ne4 17. Nxe4 Bxe4 18. Rae1 Qc7 19. Bxe4 dxe4 20. Qc3 f5 21. Qc4+ Kh8 22. g3 Qb7 23. Bc3 Rad8 24. a4 Bb8 25. g4 c5 26. Re3 fxg4 27. f5 Be5 28. Qxc5 Rc8 29. Qa5 Bxc3 30. bxc3 Qc6 31. f6 gxf6 32. Qf5 Re6 33. Rf4 Rg8 34. Rxg4 Rxg4 35. Qxg4 Re5 36. h4 Qe6 37. Qf4 Qe7 38. c4 Qe6 39. Rb3 Qf7 40. Rb6 Kg7 41. Qg3+ Kh8 42. Qf4 Kg7 43. Qg3+ Kh8 44. c5 Re8 45. Qf4 e3 46. Rxf6 Qd5+ 47. Kh2 Rg8 48. Qf3 Qe5+ 49. Qf4 Qa1 50. Qf3 e2 51. Re6 Qg1+ 52. Kh3 Qf1+ 0-1

[Event "NOR-chT 0607"]
[Site "Oslo"]
[Date "2007.01.13"]
[Round "5"]
[White "Agdestein, Espen"]
[Black "Johannessen, Leif Erlend"]
[Result "1/2-1/2"]
[WhiteElo "2395"]
[BlackElo "2537"]
[PlyCount "49"]
[EventDate "2006.11.10"]
[EventType "team-tourn"]
[EventRounds "9"]
[EventCountry "NOR"]
[SourceTitle "EXT 2008"]
[Source "ChessBase"]
[SourceDate "2007.11.25"]
[SourceVersion "1"]
[SourceVersionDate "2007.11.25"]
[SourceQuality "1"]

1. Nf3 Nf6 2. c4 e6 3. g3 d5 4. Bg2 Be7 5. 0-0 0-0 6. d4 Nbd7 7. Qc2 c6 8. Rd1 b6 9. b3 Ba6 10. Nbd2 Rc8 11. e4 h6 12. a4 Bb7 13. a5 Qc7 14. Bb2 Qb8 15. Bc3 Rfd8 16. e5 Ne8 17. b4 dxc4 18. Nxc4 Nc7 19. axb6 axb6 20. Nfd2 Nb5 21. Qb2 Qc7 22. Nf1 Ra8 23. Rac1 Rdb8 24. Nfe3 Qd8 25. Be1 1/2-1/2

[Event "NOR-chT"]
[Site "Moss"]
[Date "2005.05.07"]
[Round "4"]
[White "Gronn, Atle"]
[Black "Agdestein, Espen"]
[Result "1/2-1/2"]
[WhiteElo "2363"]
[BlackElo "2430"]
[PlyCount "87"]
[EventDate "2005.05.04"]
[EventType "team-tourn"]
[EventRounds "5"]
[EventCountry "NOR"]
[SourceTitle "EXT 2007"]
[Source "ChessBase"]
[SourceDate "2006.11.23"]
[SourceVersion "1"]
[SourceVersionDate "2006.11.23"]
[SourceQuality "1"]

1. d4 Nf6 2. Nf3 e6 3. c4 b6 4. g3 Bb7 5. Bg2 Be7 6. 0-0 0-0 7. Nc3 Na6 8. Ne5 Bxg2 9. Kxg2 Qb8 10. f3 c6 11. e4 Re8 12. Bg5 Qb7 13. Qa4 Nc7 14. Rad1 Rad8 15. Rf2 h6 16. Bxf6 Bxf6 17. Ng4 Be7 18. d5 exd5 19. cxd5 h5 20. Ne3 Bc5 21. Re2 Bxe3 22. Rxe3 cxd5 23. Nxd5 Nxd5 24. Rxd5 Qxd5 25. exd5 Rxe3 26. Qxa7 Re2+ 27. Kh3 Rc8 28. Qxd7 Rcc2 29. Kh4 Rxh2+ 30. Kg5 Rhe2 31. Kxh5 Rxb2 32. a4 Rb4 33. f4 Rd4 34. Kg4 g6 35. Qb5 Red2 36. Qxb6 Rxd5 37. a5 Ra2 38. a6 Rda5 39. Qd8+ Kg7 40. Qd4+ Kg8 41. Qd8+ Kh7 42. Qf6 Rf5 43. Qb6 Ra3 44. Qd6 1/2-1/2

[Event "NOR-chT"]
[Site "Moss"]
[Date "2005.05.05"]
[Round "2"]
[White "Royset, Pal"]
[Black "Agdestein, Espen"]
[Result "1/2-1/2"]
[WhiteElo "2147"]
[BlackElo "2430"]
[PlyCount "72"]
[EventDate "2005.05.04"]
[EventType "team-tourn"]
[EventRounds "5"]
[EventCountry "NOR"]
[SourceTitle "EXT 2007"]
[Source "ChessBase"]
[SourceDate "2006.11.23"]
[SourceVersion "1"]
[SourceVersionDate "2006.11.23"]
[SourceQuality "1"]

1. e4 c5 2. c3 Nf6 3. e5 Nd5 4. d4 cxd4 5. Nf3 Nc6 6. cxd4 e6 7. a3 d6 8. Bd3 Be7 9. 0-0 dxe5 10. dxe5 Bd7 11. Be4 Nb6 12. Nc3 a6 13. Qe2 Qc7 14. Bf4 h6 15. Rfe1 Rd8 16. Rac1 Nc8 17. Bg3 Kf8 18. h4 g6 19. Bb1 Qb6 20. Ne4 Nb8 21. Red1 Bc6 22. Nd6 Nd7 23. Nd4 Nxd6 24. exd6 Bf6 25. Nxc6 bxc6 26. b4 h5 27. Qf3 Rc8 28. Be4 Kg7 29. Bxc6 Nb8 30. Ba4 a5 31. Rc7 Rhf8 32. Rdc1 Rcd8 33. Rb7 Qd4 34. Rcc7 axb4 35. Rxb4 Qa1+ 36. Kh2 Na6 1/2-1/2

[Event "NOR-chTA final"]
[Site "Trondheim"]
[Date "2004.05.19"]
[Round "1.3"]
[White "Storland, Knut Harald"]
[Black "Agdestein, Espen"]
[Result "0-1"]
[WhiteElo "2251"]
[BlackElo "2390"]
[PlyCount "100"]
[EventDate "2004.05.19"]
[EventType "team-tourn"]
[EventRounds "5"]
[EventCountry "NOR"]
[SourceTitle "CBM 100 Extra"]
[Source "ChessBase"]
[SourceDate "2004.07.06"]
[SourceVersion "2"]
[SourceVersionDate "2004.07.06"]
[SourceQuality "1"]
[WhiteTeam "08"]
[BlackTeam "06"]
[WhiteTeamCountry "NOR"]
[BlackTeamCountry "NOR"]

1. c4 Nf6 2. Nc3 c5 3. g3 e6 4. Nf3 b6 5. Bg2 Bb7 6. 0-0 d6 7. a3 Be7 8. b4 0-0 9. bxc5 dxc5 10. d3 Nc6 11. Bb2 Qd7 12. a4 Rad8 13. Nb1 a5 14. Ne5 Nxe5 15. Bxe5 Bxg2 16. Kxg2 Qb7+ 17. Kg1 Nd7 18. Bc3 Nb8 19. Qb3 Nc6 20. Qb2 f6 21. Nd2 Rd7 22. f4 Nb4 23. Ne4 Qc6 24. f5 exf5 25. Rxf5 Bd8 26. g4 Re8 27. Raf1 Rxe4 28. dxe4 Qxe4 29. R5f4 Qe3+ 30. Kg2 Bc7 31. R4f3 Qe4 32. h3 Nc2 33. Qc1 Re7 34. R1f2 Ne3+ 35. Kg1 Nxc4 36. Bxf6 gxf6 37. Rxf6 Ne3 38. R2f3 Be5 39. Rxb6 Bd4 40. Kh1 c4 41. Rb8+ Kg7 42. Rb5 Rb7 43. Rxb7+ Qxb7 44. Kh2 Qe4 45. Qa3 Qe5+ 46. Kh1 Bc5 47. Qa2 Qd4 48. Kh2 Qd6+ 49. Kh1 Qd1+ 50. Kh2 Bd6+ 0-1

[Event "Namses op"]
[Site "Namses"]
[Date "1995.??.??"]
[Round "?"]
[White "Agdestein, Espen"]
[Black "Michelsen, Svein"]
[Result "1-0"]
[WhiteElo "2330"]
[BlackElo "2225"]
[PlyCount "57"]
[EventDate "1995.??.??"]
[EventType "swiss"]
[EventRounds "7"]
[EventCountry "NOR"]
[SourceTitle "EXT 1997"]
[Source "ChessBase"]
[SourceDate "1996.11.15"]
[SourceVersion "1"]
[SourceVersionDate "1996.11.15"]
[SourceQuality "1"]

1. d4 Nf6 2. Nf3 g6 3. c4 Bg7 4. Nc3 d5 5. cxd5 Nxd5 6. e4 Nxc3 7. bxc3 0-0 8. Be3 c5 9. Rc1 Nd7 10. Bd3 Nf6 11. h3 cxd4 12. cxd4 b6 13. 0-0 Bb7 14. d5 Nd7 15. Qe2 Ne5 16. Nxe5 Bxe5 17. Ba6 Qd7 18. Bb5 Qd8 19. Bc6 Qc7 20. a4 Rab8 21. Rfd1 Bc8 22. Bh6 Bg7 23. Bxg7 Kxg7 24. e5 a5 25. d6 Qa7 26. d7 Ba6 27. Qe3 Bb7 28. e6 Bxc6 29. Rxc6 1-0

[Event "Olympiad-31"]
[Site "Moscow"]
[Date "1994.12.05"]
[Round "5.4"]
[White "Agdestein, Espen"]
[Black "Delchev, Aleksander"]
[Result "1/2-1/2"]
[WhiteElo "2330"]
[BlackElo "2490"]
[PlyCount "54"]
[EventDate "1994.12.01"]
[EventType "team-swiss"]
[EventRounds "14"]
[EventCountry "RUS"]
[SourceTitle "CBM 045"]
[Source "ChessBase"]
[SourceDate "1995.04.01"]
[SourceVersion "1"]
[SourceVersionDate "1995.04.01"]
[SourceQuality "1"]
[WhiteTeam "Norway"]
[BlackTeam "Bulgaria"]
[WhiteTeamCountry "NOR"]
[BlackTeamCountry "BUL"]

1. c4 c6 2. d4 d5 3. Nf3 Nf6 4. e3 Bf5 5. Nc3 e6 6. Bd3 Bxd3 7. Qxd3 Nbd7 8. 0-0 Bb4 9. b3 0-0 10. Bb2 a5 11. Nd2 a4 12. Rab1 axb3 13. axb3 Qb6 14. e4 dxe4 15. Ncxe4 Rfd8 16. Nf3 Be7 17. Nxf6+ Bxf6 18. Qc2 Nf8 19. Bc3 Ng6 20. Rfd1 Qc7 21. g3 Rd7 22. Rd3 Rad8 23. Rbd1 h6 24. R1d2 b6 25. h4 Ne7 26. Ne5 Bxe5 27. dxe5 c5 1/2-1/2

[Event "Olympiad-31"]
[Site "Moscow"]
[Date "1994.12.04"]
[Round "4.4"]
[White "Agdestein, Espen"]
[Black "Shabalov, Alexander"]
[Result "1-0"]
[WhiteElo "2330"]
[BlackElo "2600"]
[PlyCount "105"]
[EventDate "1994.12.01"]
[EventType "team-swiss"]
[EventRounds "14"]
[EventCountry "RUS"]
[SourceTitle "CBM 045"]
[Source "ChessBase"]
[SourceDate "1995.04.01"]
[SourceVersion "1"]
[SourceVersionDate "1995.04.01"]
[SourceQuality "1"]
[WhiteTeam "Norway"]
[BlackTeam "United States"]
[WhiteTeamCountry "NOR"]
[BlackTeamCountry "USA"]

1. c4 f5 2. g3 Nf6 3. Bg2 g6 4. d4 Bg7 5. Nc3 0-0 6. Nh3 Nc6 7. d5 Ne5 8. Qb3 c5 9. Bd2 h6 10. 0-0 d6 11. Rae1 e6 12. Nf4 exd5 13. Nfxd5 Nc6 14. Rb1 Kh7 15. Nxf6+ Qxf6 16. Nd5 Qf7 17. Bc3 Be6 18. Bxg7 Qxg7 19. e3 Rae8 20. Rbd1 Bg8 21. Rd2 Ne5 22. Qc2 Kh8 23. b3 g5 24. Kh1 h5 25. h3 h4 26. f4 Ng6 27. fxg5 Bxd5 28. Rxd5 Re5 29. Rxd6 hxg3 30. Qe2 Ne7 31. h4 Kg8 32. Qf3 Re4 33. Qxg3 Rg4 34. Qh2 Ng6 35. Rxg6 Qxg6 36. Bf3 Re8 37. Bxg4 fxg4 38. Qf4 Qe6 39. Kg2 Qxe3 40. Qxe3 Rxe3 41. Rf4 Kg7 42. h5 Rh3 43. h6+ Kg6 44. Rxg4 Rd3 45. Rh4 Rd8 46. h7 Rh8 47. Kf3 Kxg5 48. Rh2 Kf5 49. Rh1 a6 50. a4 a5 51. Rh2 b6 52. Rh3 Ke5 53. Kg4 1-0

[Event "Stavanger op"]
[Site "Stavanger"]
[Date "1989.??.??"]
[Round "2"]
[White "Agdestein, Espen"]
[Black "Fossan, Petter"]
[Result "1/2-1/2"]
[WhiteElo "2335"]
[BlackElo "2305"]
[PlyCount "53"]
[EventDate "1989.??.??"]
[EventType "swiss"]
[EventRounds "9"]
[EventCountry "NOR"]
[SourceTitle "EXT 1997"]
[Source "ChessBase"]
[SourceDate "1996.11.15"]
[SourceVersion "1"]
[SourceVersionDate "1996.11.15"]
[SourceQuality "1"]

1. d4 Nf6 2. Nf3 g6 3. c4 Bg7 4. Nc3 0-0 5. e4 d6 6. Be2 e5 7. 0-0 Nbd7 8. Qc2 c6 9. Rd1 exd4 10. Nxd4 Qe7 11. Bf4 Re8 12. f3 Nh5 13. Bc1 a5 14. Bf1 Nc5 15. Qf2 a4 16. Rb1 Ne6 17. Nxe6 Bxe6 18. a3 f5 19. Be3 Be5 20. Bd4 fxe4 21. Nxe4 Bf5 22. Bxe5 dxe5 23. Re1 Rad8 24. Re3 Bxe4 25. Rxe4 Nf6 26. Re3 e4 27. Rbe1 1/2-1/2

[Event "Stavanger op"]
[Site "Stavanger"]
[Date "1989.??.??"]
[Round "6"]
[White "Westerinen, Heikki MJ"]
[Black "Agdestein, Espen"]
[Result "1/2-1/2"]
[WhiteElo "2400"]
[BlackElo "2335"]
[PlyCount "42"]
[EventDate "1989.??.??"]
[EventType "swiss"]
[EventRounds "9"]
[EventCountry "NOR"]
[SourceTitle "EXT 1997"]
[Source "ChessBase"]
[SourceDate "1996.11.15"]
[SourceVersion "1"]
[SourceVersionDate "1996.11.15"]
[SourceQuality "1"]

1. e4 c5 2. Nf3 e6 3. d4 cxd4 4. Nxd4 Nf6 5. Nc3 Nc6 6. Ndb5 d6 7. Bf4 e5 8. Bg5 a6 9. Na3 b5 10. Nd5 Be7 11. Bxf6 Bxf6 12. c3 0-0 13. Nc2 Rb8 14. Be2 Bg5 15. 0-0 Be6 16. Nce3 a5 17. a3 Bxe3 18. Nxe3 Ne7 19. b4 axb4 20. axb4 Qc7 21. Ra3 Rfd8 1/2-1/2

[Event "NOR-ch"]
[Site "Asker"]
[Date "1988.??.??"]
[Round "6"]
[White "Agdestein, Espen"]
[Black "Elseth, Roar"]
[Result "1/2-1/2"]
[WhiteElo "2345"]
[BlackElo "2300"]
[PlyCount "39"]
[EventDate "1988.??.??"]
[EventType "swiss"]
[EventRounds "9"]
[EventCountry "NOR"]
[SourceTitle "EXT 1997"]
[Source "ChessBase"]
[SourceDate "1996.11.15"]
[SourceVersion "1"]
[SourceVersionDate "1996.11.15"]
[SourceQuality "1"]

1. Nf3 d5 2. d4 c6 3. c4 e6 4. e3 Nf6 5. Nc3 Nbd7 6. Bd3 Be7 7. 0-0 0-0 8. Qe2 b6 9. e4 dxe4 10. Nxe4 Bb7 11. Rd1 Qc7 12. Nc3 Bd6 13. Bg5 Rfe8 14. Re1 Rad8 15. Rac1 Bf4 16. Rcd1 Bxg5 17. Nxg5 c5 18. Nge4 Nxe4 19. Bxe4 Bxe4 20. Nxe4 1/2-1/2

[Event "Arnold Cup"]
[Site "Gausdal"]
[Date "1987.??.??"]
[Round "?"]
[White "Agdestein, Espen"]
[Black "Akesson, Ralf"]
[Result "1-0"]
[WhiteElo "2350"]
[BlackElo "2455"]
[PlyCount "85"]
[EventDate "1987.04.??"]
[EventType "swiss"]
[EventRounds "9"]
[EventCountry "NOR"]
[SourceTitle "EXT 1997"]
[Source "ChessBase"]
[SourceDate "1996.11.15"]
[SourceVersion "1"]
[SourceVersionDate "1996.11.15"]
[SourceQuality "1"]

1. d4 Nf6 2. c4 g6 3. Nc3 d5 4. Nf3 Bg7 5. cxd5 Nxd5 6. e4 Nxc3 7. bxc3 c5 8. Be3 Qa5 9. Qd2 0-0 10. Rc1 cxd4 11. cxd4 Qxd2+ 12. Nxd2 e6 13. Nb3 Nc6 14. Bb5 Bd7 15. 0-0 Rfc8 16. Rfd1 a6 17. Bc4 Be8 18. d5 Ne5 19. Be2 exd5 20. exd5 Bf8 21. Nc5 Bxc5 22. Bxc5 Ba4 23. Re1 f6 24. f4 Nd7 25. Bd4 Kf7 26. Bf3 Re8 27. Rxe8 Rxe8 28. Kf2 Ke7 29. Rc7 Kd6 30. Rxb7 Rc8 31. Rb2 Rc2+ 32. Rxc2 Bxc2 33. Bc3 Kc5 34. a3 Kc4 35. Bb4 Nc5 36. Ke3 Kb5 37. Be2+ Kb6 38. Kd4 Nd7 39. Be7 f5 40. Bc4 Ba4 41. g3 Bb5 42. Bb3 Bf1 43. d6 1-0